Top 20 valeurs marchandes de ligue 1 2023/2024 - Statistiques

Statistiques générales
  • Ce quiz a été pris 270 fois
  • Le résultat moyen est 12 sur 20
Statistiques - réponses
Valeur (millions) Joueur Club % Correct
180 Mbappé PSG
100%
60 Dembélé PSG
87%
60 David LOSC lille
81%
65 Hakimi PSG
81%
65 Marquinhos PSG
77%
45 Donnarumma PSG
76%
50 Gonçalo Ramos PSG
73%
65 Nuno mendes PSG
73%
42 Vitinha PSG
63%
30 Cherki OL
59%
50 Ugarte PSG
59%
45 Hernandez PSG
58%
40 Thuram OGC Nice
55%
35 Gouiri Rennes
52%
35 Wahi Montpellier
51%
40 Verratti PSG
50%
50 Skriniar PSG
45%
32 Ruiz PSG
40%
30 Todibo OGC Nice
33%
30 Camara Monaco
12%
Aucun quiz correspondant
Distribution des résultats
% des personnes avec chaque résultat
Percentile par nombre de réponses
Votre historique - résultats
Vous n’avez pas pris ce quiz